Statistics for Top 20 African Countries with the Highest HDI

Click here to take the quiz!

General Stats

  • This quiz has been taken 75 times
  • The average score is 18 of 20

Answer Stats

HDIAnswer% Correct
0.745Algeria
98%
0.713South Africa
98%
0.731Tunisia
97%
0.731Egypt
95%
0.575Kenya
95%
0.718Libya
95%
0.693Botswana
92%
0.586Angola
91%
0.662Cape Verde
91%
0.632Ghana
91%
0.785Seychelles
91%
0.802Mauritius
89%
0.615Namibia
89%
0.706Gabon
86%
0.618Sao Tome and Principe
86%
0.596Equatorial Guinea
83%
0.597Eswatini
82%
0.576Cameroon
79%
0.593Zimbabwe
74%
0.571Congo
71%

Score Distribution

Percentile by Number Answered

Percent of People with Each Score

Your Score History

You have not taken this quiz